书目信息 |
| 题名: |
激光和它的未来
|
|
| 作者: | ;金华电机厂技术资料室 译 | |
| 分册: | ||
| 出版信息: | 北京 国防工业出版社 1971 |
|
| 页数: | 150页 | |
| 开本: | 20cm | |
| 丛书名: | ||
| 单 册: | ||
| 中图分类: | TN249 | |
| 科图分类: | ||
| 主题词: | 激光技术 , 微波激射技术 | |
| 电子资源: | ||
| ISBN: | ||
| 000 | 00629nam0 2200205 450 | |
| 001 | 0630116315 | |
| 005 | 20060418082424.92 | |
| 010 | @dCNY0.40 | |
| 100 | @a20060418d1971 km y0chiy0120 ea | |
| 101 | 0 | @achi |
| 102 | @aCN@b110000 | |
| 200 | 1 | @a激光和它的未来@Aji guang he ta de wei lai@f金华电机厂技术资料室译@Fjin hua dian ji chang ji shu zi liao shi yi |
| 210 | @a北京@c国防工业出版社@d1971 | |
| 215 | 1 | @a150页@d20cm |
| 606 | 0 | @a激光技术 |
| 606 | 0 | @a微波激射技术 |
| 690 | @aTN249@v4 | |
| 711 | 0 | @a金华电机厂技术资料室@Ajin hua dian ji chang ji shu zi liao shi@4译 |
| 801 | 0 | @aCN@bPFT@c20060418 |
| 905 | @a10447@dTN249@e6 | |
| 激光和它的未来/金华电机厂技术资料室译.-北京:国防工业出版社,1971 |
| 150页;20cm |
| ISBN :CNY0.40 |
| ● |
| 相关链接 |
|
|
|
|
正题名:激光和它的未来
索取号:TN249/6
 
预约/预借
| 序号 | 登录号 | 条形码 | 馆藏地/架位号 | 状态 | 备注 |
| 1 | 0013288 | 202168634 | 密集书库/ [索取号:TN249/6] | 在馆 | |
| 2 | 0016620 | 202168590 | 密集书库/ [索取号:TN249/6] | 在馆 |